000
00208nam a2200097 4500
999
_c
530814
_d
530814
040
_c
DLC
082
_a
891.43
_b
TAR
100
_a
Tarar, Mustansar Hussain
_9
3135
245
_a
Karawan e Sarae
942
_2
ddc
_c
BK